1830 1170 1994 1782 1458 1342 1397 1923 1720 1233 1031 1174 1093 1159 1921 1619 1945 1054 1243 1281 1904 1588 1656 1459 1472 1389 1239 1154 1225 1461 1350 1896 1868 1234 1787 1813 1139 1991 1911 1171 1141 1886 1123 1714 1354 1495 1254 2000 1341 1233 1749 1818 1446 1684 1257 1738 1415 1779 1663 1888 1667 1721 1773 1042 1953 1241 1323 1590 1867 1125 1128 1522 1487 1081 1793 1166 1351 1380 1607 1238 1700 1262 1538 1791 1126 1528 1780 1799 1351 1416 1850 1603 1470 1324 1406 1638 1040 1128 1753 BCNSPRNW ULIB Ver.6.0+V

เปลี่ยนเป็นภาษาไทย

Change to English
 แสดงรายละเอียดบรรณานุกรม
  กลับหน้าหลัก

Brief Record : Get Marc (ISO 2709) : E-mail record : QR code < ปิดหน้าต่าง
LEADER : 00000nam a2200000Ia 4500
001    13399125427
003     ULIB
008    161101s2558 th a 000 0 tha d
020    ^a9786165519663
060 04 ^aWI140^bค152
245 00 ^aครบ ชัด ลึก เรื่องมะเร็งระบบทางเดินอาหาร /^cสาขาวิชาโรคระบบทางเดินอาหาร ภาควิชาอายุรศาสตร์ คณะแพทยศาสตร์จุฬาลงกรณ์มหาวิทยาลัย และ หน่วยทางเดินอาหาร โรงพยาบาลจุฬาลงกรณ์สภากาชาดไทย
246 30 ^aมะเร็งระบบทางเดินอาหาร
250    ^aพิมพ์ครั้งที่ 1
260    ^aกรุงเทพฯ :^bภาควิชาอายุรศาสตร์ คณะแพทยศาสตร์ จุฬาลงกรณ์มหาวิทยาลัย,^c2558
300    ^a144 หน้า :^bภาพประกอบ ;^c21 ซม.
505 2  ^aดูแลสุขภาพอย่างไร ไม่ให้เป็นมะเร็ง -- อาหาร ต้านมะเร็ง -- เมื่อไหร่ควรตรวจหามะเร็ง -- ทำอย่างไร เมื่อตรวจพบค่า ซี-อี-เอ (CEA) สูง --อยู่อย่างไร ห่างไกลมะเร็งหลอดอาหาร -- มะเร็งกระเพาะอาหารไม่น่ากลัวอย่างที่คิด -- มะเร็งลำไส้ใหญ่ รู้ได้อย่างไรว่าฉันไม่เป็น --ในวันที่ฉันรู้ว่า มีก้อนในตับ แล้วจะเป็นมะเร็งหรือไม่ -- มะเร็งท่อน้ำดีมะเร็งที่คนไทยเป็นมากที่สุดในโลก -- มะเร็งตับอ่อน ภัยเงียบที่ควรระวัง --ต่อสู้กับมะเร็ง ความจริงและความเชื่อ -- การดูแลจิตใจของผู้ป่วยวิกฤตเรื้อรัง ระยะท้ายและของผู้ดูแลนั้นสำคัญมากเพราะอะไร --การดูแลแบบประคับปรคอง หรือ Palliative care หรือ ชีวภิบาล คืออะไร?
650  4 ^aมะเร็ง ^xการป้องกันและควบคุม
650  4 ^aระบบทางเดินอาหาร, โรค
710 2  ^aจุฬาลงกรณ์มหาวิทยาลัย.^bคณะแพทยศาสตร์.^bภาควิชาอายุรศาสตร์.^bสาขาวิชาโรคระบบทางเดินอาหาร
710 2  ^aโรงพยาบาลจุฬาลงกรณ์.^bหน่วยทางเดินอาหาร
945    ^p200^l0^i24950
945    ^p200^l0^i24951
995    ^aกัณชพร
999    ^aกัณชพร
รายการนี้ยังไม่มีแท็ก
คุณยังไม่ได้ล็อกอิน คุณสามารถมีกิจกรรมร่วมกับเว็บไซต์ได้ แต่ต้องล็อกอินก่อน ::
  ล็อกอิน

รายการสื่อสารสนเทศ

ลำดับที่ ประเภท เลขเรียก/บาร์โค้ด สถานที่ สถานะ
1. หนังสือสำรอง
หนังสือสำรอง
สถานะ=หนังสือเก่า
WI140 ค152 ฉ.1 
  Barcode: 24950
ห้องสมุดวิทยาเขตนครสวรรค์
►ส่วนจัดเก็บหนังสือเก่า นว.
บนชั้น
  ขอยืม
2. วิทยาศาสตร์การแพทย์ และสุขภาพ
วิทยาศาสตร์การแพทย์ และสุขภาพ
สถานะ=หนังสือเก่า
WI140 ค152 ฉ.2 
  Barcode: 24951
ห้องสมุดวิทยาเขตนครสวรรค์
►ส่วนจัดเก็บหนังสือเก่า นว.
บนชั้น
  ขอยืม

รายการใกล้เคียง
    หัวเรื่อง [ระบบทางเดินอาหาร, โรค]

BibComment


ยังไม่เคยถูกคอมเมนท์

คอมเมนท์ทรัพยากรรายการนี้
  คอมเมนท์: ครบ ชัด ลึก เรื่..


 Copyright 2026. Bcnsprnw @Library